书目信息 |
| 题名: |
作家笔下的上饶
|
|
| 作者: | 石红许 主编 | |
| 分册: | ||
| 出版信息: | 福州 海峡文艺出版社 2010.06 |
|
| 页数: | 156页 | |
| 开本: | 21cm | |
| 丛书名: | 作家笔下的海峡二十七城 | |
| 单 册: | ||
| 中图分类: | I267 | |
| 科图分类: | ||
| 主题词: | 散文--san wen--中国--当代--作品集 | |
| 电子资源: | ||
| ISBN: | 978-7-80719-483-5 | |
| 000 | 01179nam 2200265 450 | |
| 001 | 012010593858 | |
| 005 | 20101106105636.23 | |
| 010 | @a978-7-80719-483-5@dCNY35.00 | |
| 100 | @a20101104d2010 em y0chiy0120 ea | |
| 101 | 0 | @achi |
| 102 | @aCN@b350000 | |
| 105 | @aa z 000cy | |
| 106 | @ar | |
| 200 | 1 | @a作家笔下的上饶@Azuo jia bi xia de shang rao@f石红许主编@Fzhu bian shi hong xu@g作家笔下的海峡二十七城丛书编委会编@Gzuo jia bi xia de hai xia er shi qi cheng cong shu bian wei hui bian |
| 210 | @a福州@c海峡文艺出版社@d2010.06 | |
| 215 | @a156页@c图@d21cm | |
| 225 | 2 | @a作家笔下的海峡二十七城@Azuo jia bi xia de hai xia er shi qi cheng |
| 330 | @a本书设置了“探寻历史遗存”、“拜访古代先贤”、“感悟绿色山水”、“品味地方风情”等章节,分别从物质文化遗产、历史著名人物、自然山水景观以及非物质文化遗产等层面,进行选文组合,将上饶的历史文化、风土人情、民俗风情、城市面貌生动展示出来。 | |
| 410 | 0 | @12001 @a作家笔下的海峡二十七城 |
| 510 | 1 | @aShangrao through the eyes of author@zeng |
| 606 | 0 | @a散文@Asan wen@y中国@z当代@j作品集 |
| 690 | @aI267@v4 | |
| 701 | 0 | @a石红许@Ashi hong xu@4主编 |
| 801 | 0 | @aCN@bQSSK@c20101106 |
| 905 | @b786801-03@dI267@eZ995@f3 | |
| 作家笔下的上饶/石红许主编/作家笔下的海峡二十七城丛书编委会编.-福州:海峡文艺出版社,2010.06 |
| 156页:图;21cm.-(作家笔下的海峡二十七城) |
| ISBN 978-7-80719-483-5:CNY35.00 |
| 本书设置了“探寻历史遗存”、“拜访古代先贤”、“感悟绿色山水”、“品味地方风情”等章节,分别从物质文化遗产、历史著名人物、自然山水景观以及非物质文化遗产等层面,进行选文组合,将上饶的历史文化、风土人情、民俗风情、城市面貌生动展示出来。 |
| ● |
| 相关链接 |
|
|
|
正题名:作家笔下的上饶
索取号:I267/Z995
 
预约/预借
| 序号 | 登录号 | 条形码 | 馆藏地/架位号 | 状态 | 备注 |
| 1 | 786801 | 207868011 | 社科二线422/422社科库 1排1列6层/ [索取号:I267/Z995] | 在馆 | |
| 2 | 786802 | 207868020 | 文学库116/116文学库 9排2列2层/ [索取号:I267/Z995] | 在馆 | |
| 3 | 786803 | 207868039 | 文学库116/116文学库 9排2列2层/ [索取号:I267/Z995] | 在馆 |